Katrina (Record no. 137825)

MARC details
000 -LEADER
campo de control de longitud fija 00587nam a2200181 4500
001 - NÚMERO DE CONTROL
campo de control 137825
003 - IDENTIFICADOR DE NÚMERO DE CONTROL
campo de control ES-MaACL
007 - CAMPO FIJO DE DESCRIPCIÓN FÍSICA--INFORMACIÓN GENERAL
campo de control de longitud fija t|
008 - DATOS DE LONGITUD FIJA--INFORMACIÓN GENERAL
campo de control de longitud fija 070214s1945 sp r ||||1| spa d
100 1# - ENTRADA PRINCIPAL--NOMBRE DE PERSONA
Nombre de persona Salminen, Sally.
9 (RLIN) 101998
245 10 - MENCIÓN DEL TÍTULO
Título Katrina
Resto del título : novela /
Mención de responsabilidad, etc. de Sally Salminen ; [traducción del sueco Francisco Torres Ferrer y L. Vegas López].
250 ## - MENCION DE EDICION
Mención de edición 3ª ed.
260 ## - PUBLICACIÓN, DISTRIBUCIÓN, ETC.
Lugar de publicación, distribución, etc. Barcelona :
Nombre del editor, distribuidor, etc. Ed. del Zodiaco,
Fecha de publicación, distribución, etc. 1945.
300 ## - DESCRIPCIÓN FÍSICA
Extensión 462 p., 1 lám. ;
Dimensiones 20 cm.
700 1# - ENTRADA AGREGADA--NOMBRE PERSONAL
Nombre de persona Torres Ferrer, Francisco.
9 (RLIN) 110956
700 1# - ENTRADA AGREGADA--NOMBRE PERSONAL
Nombre de persona Vegas López, L.
9 (RLIN) 113647
852 ## - LOCALIZACIÓN
Ubicación ES-MaACL
Número de control de estantería E-277
Sublocalización o colección R.27140
Holdings
Estatus retirado Estado de pérdida Estado de daño No para préstamo Biblioteca de origen Biblioteca actual Ubicación en estantería Fecha de adquisición Fuente de adquisición Total de préstamos Signatura topográfica completa Código de barras Visto por última vez Precio de reemplazo Tipo de ítem Koha
        Biblioteca del Ateneo de Madrid Biblioteca del Ateneo de Madrid Depósito 2 17/01/2008     E-277 1143425 23/02/2023 23/02/2023 Libro impreso